000 00934nam a2200217Ia 4500
003 Ost
005 20260507075411.0
008 260507s9999||||xx |||||||||||||| ||und||
040 _cfsecg
041 _aara
082 _a330
100 _aصالح، غادة
_eمؤلف
245 0 _aمبادئ علم الإقتصاد /
_c غادة صالح
260 _aالإسكندرية:
_bدار الوفاء لدنيا للطباعة والنشر,
_c2008
300 _a219 صفحة؛
_bإيضاحات ؛
_c24 سم
520 _aيضم تصنيف البيانات والتوزيعات التكرارية، مقاييس النزعة المركزية، مقاييس التشتت، الارتباط، الانحدار
653 _aالإحصاء - المعاملات الإرتباطية
653 _aالإقتصاد
653 _aالإقتصاد الرياضي، الإقتصاد- الطرق الإحصائية
942 _cكتاب
999 _c44411
_d44411